Les 15 plus gros succès de Disney - Statistiques

Statistiques générales
  • Ce quiz a été pris 462 fois
  • Le résultat moyen est 8 sur 15
Statistiques - réponses
Hint Réponse % Correct
418 000 000 $ / 1937 Blanche-Neige et les sept nains
86%
1 274 219 009 $ / 2013 La Reine des neiges
86%
968 483 777 $ / 1994 Le Roi lion
78%
591 794 936 $ / 2010 Raiponce
76%
424 967 620 $ / 1991 La Belle et la Bête
70%
1 450 026 933 $ / 2019 La Reine des neiges II
60%
504 050 219 $ / 1992 Aladdin
59%
690 845 539 $ / 2016 Vaiana : La Légende du bout du monde
58%
378 000 000 $ / 1967 Le Livre de la jungle
42%
448 191 819 $ / 1999 Tarzan
41%
1 023 784 195 $ / 2016 Zootopie
36%
471 222 889 $ / 2012 Les Mondes de Ralph
22%
657 818 612 $ / 2014 Les Nouveaux Héros
17%
529 323 962 $ / 2018 Ralph 2.0
12%
349 822 765 $ / 2000 Dinosaure
10%
Aucun quiz correspondant
Distribution des résultats
% des personnes avec chaque résultat
Percentile par nombre de réponses
Votre historique - résultats
Vous n’avez pas pris ce quiz